LIBRARY ONLINE CATALOGUE

Understanding risk in criminal justice / (Record no. 11469)

MARC details
000 -LEADER
fixed length control field 00640cam a22002052 4500
001 - CONTROL NUMBER
control field 0000023638
005 - DATE AND TIME OF LATEST TRANSACTION
control field 20151217154504.0
008 - FIXED-LENGTH DATA ELEMENTS--GENERAL INFORMATION
fixed length control field 130313s xx 000 0 eng d
020 ## - INTERNATIONAL STANDARD BOOK NUMBER
International Standard Book Number 0335206530 :
040 ## - CATALOGING SOURCE
Original cataloging agency KABU
Transcribing agency KABU
100 1# - MAIN ENTRY--PERSONAL NAME
Personal name Kemshall, Hazel.
-- 0000183221
245 10 - TITLE STATEMENT
Title Understanding risk in criminal justice /
Statement of responsibility, etc. Hazel Kemshall.
250 ## - EDITION STATEMENT
Edition statement 1st ed.
260 ## - PUBLICATION, DISTRIBUTION, ETC. (IMPRINT)
Place of publication, distribution, etc. Maidenhead :
Name of publisher, distributor, etc. Open University Press,
Date of publication, distribution, etc. 2003.
300 ## - PHYSICAL DESCRIPTION
Extent xi, 191 p.
650 #0 - SUBJECT ADDED ENTRY--TOPICAL TERM
Topical term or geographic name as entry element Criminal justice, Administration of
Geographic subdivision Great Britain.
-- 0000183220
852 1# - LOCATION
-- p2490 KES
908 ## - PUT COMMAND PARAMETER (RLIN)
Put command parameter 130313
950 ## - LOCAL HOLDINGS (RLIN)
-- 1
Holdings
Withdrawn status Lost status Source of classification or shelving scheme Not for loan Home library Current library Date acquired Total Checkouts Full call number Barcode Date last seen Date last checked out Price effective from Koha item type
    Library of Congress Classification   Kabarak, Main Campus Kabarak, Main Campus 17/12/2015 1 HV9647 .K46 2003 c. 014527 25/09/2018 12/09/2018 17/12/2015 General Collection